[Rezension von: Mehdi Korchane, Pierre Guérin 1774-1833]
Gespeichert in:
| Veröffentlicht in: | Regards croisés 12(2022), Seite 124-128 |
|---|---|
| VerfasserIn: | |
| Dokumenttyp: | Online-Ressource Aufsatz |
| Sprache: | German |
| Veröffentlicht: |
2022
|
| Schlagwörter: | |
| Online Zugang: | kostenfrei kostenfrei |
| Bibliogr. Hinweis: | Enthalten in:
Regards croisés Rezension von: Pierre Guérin |
| Verantwortlich: | Johannes Grave |
| LEADER | 01917caa a2200397 c 4500 | ||
|---|---|---|---|
| 001 | 1878204769 | ||
| 003 | DE-627 | ||
| 005 | 20260511171602.0 | ||
| 007 | cr uuu---uuuuu | ||
| 008 | 240116s2022 xx |||||oo 00| ||ger c | ||
| 024 | 7 | |a 10.57732/rc.2022.12.94984 |2 doi | |
| 035 | |a (DE-627)1878204769 | ||
| 035 | |a (DE-599)KXP1878204769 | ||
| 035 | |a (OCoLC)1425060235 | ||
| 040 | |a DE-627 |b ger |c DE-627 |e rda | ||
| 041 | |a ger | ||
| 084 | |a KUNST |q DE-16 |2 fid | ||
| 100 | 1 | |a Grave, Johannes |d 1976- |e VerfasserIn |0 (DE-588)129462535 |0 (DE-627)461981831 |0 (DE-576)183813723 |4 aut | |
| 245 | 1 | 0 | |a [Rezension von: Mehdi Korchane, Pierre Guérin 1774-1833] |c Johannes Grave |
| 264 | 1 | |c 2022 | |
| 300 | |b Illustrationen | ||
| 336 | |a Text |b txt |2 rdacontent | ||
| 337 | |a Computermedien |b c |2 rdamedia | ||
| 338 | |a Online-Ressource |b cr |2 rdacarrier | ||
| 655 | 7 | |a Rezension |0 (DE-588)4049712-4 |0 (DE-627)106186019 |0 (DE-576)209083166 |2 gnd-content | |
| 773 | 0 | 8 | |i Enthalten in |t Regards croisés |d Paris : Institut National d’Histoire de l’Art, 2013 |g 12(2022), Seite 124-128 |h Online-Ressource |w (DE-627)832785571 |w (DE-600)2830060-9 |w (DE-576)442942508 |x 2509-4750 |7 nnas |
| 773 | 1 | 8 | |g volume:12 |g year:2022 |g pages:124-128 |
| 787 | 0 | 8 | |i Rezension von |a Korchane, Mehdi, 1971 - |t Pierre Guérin |d Paris : Mare & Martin, 2018 |h 325 Seiten |w (DE-627)1645434877 |w (DE-576)516313991 |z 9791092054705 |
| 856 | 4 | 0 | |u https://doi.org/10.57732/rc.2022.12.94984 |x Verlag |x Resolving-System |z kostenfrei |3 Volltext |7 0 |
| 856 | 4 | 0 | |u https://journals.ub.uni-heidelberg.de/index.php/rc/article/view/94984 |x Verlag |z kostenfrei |3 Volltext |7 0 |
| 912 | |a ZDB-282-AAE-article | ||
| 951 | |a AR | ||
| 994 | |u https://ahnp.ub.uni-heidelberg.de/journals/rc/article/view/94984/92414 | ||
| 994 | |u https://ahnp.ub.uni-heidelberg.de/journals/rc/article/view/94984/92414 | ||
| 991 | |a Rezension (Monographie, Zeitschrift, Aufsatz) | ||
| 999 | |a KXP-PPN1878204769 |e 4967439950 | ||


